Performance Analysis of Darrieus Wind Turbine (Record no. 57550)

MARC details
000 -LEADER
fixed length control field 00304nam a22001097a 4500
100 ## - MAIN ENTRY--AUTHOR NAME
Personal name Khan, Mohsin Muhammad
-- 13ME20
245 ## - TITLE STATEMENT
Title Performance Analysis of Darrieus Wind Turbine
260 ## - PUBLICATION, DISTRIBUTION, ETC. (IMPRINT)
Place of publication Nawabshah:
Name of publisher QUEST,
Year of publication 2016.
300 ## - PHYSICAL DESCRIPTION
Number of Pages 58p. ;
700 ## - ADDED ENTRY--PERSONAL NAME
Personal name Department of Mechanical Engineering
942 ## - ADDED ENTRY ELEMENTS (KOHA)
Koha item type Thesis and Dissertation
Holdings
Withdrawn status Lost status Home library Current library Date acquired Full call number Accession Number Koha item type
    Central Library, QUEST, Nawabshah Research Section 30/03/2017 13ME20 MEP/28-358 Thesis and Dissertation